[Event "Staufer op 31st"]
[Site "Schwaebisch Gmuend"]
[Date "2019.01.05"]
[Round "8"]
[White "Kueppers, Timo"]
[Black "Bischofberger, Dario"]
[Result "1/2-1/2"]
[WhiteElo "2307"]
[BlackElo "2153"]
[PlyCount "40"]
[EventDate "2019.01.02"]
[EventType "swiss"]
[EventRounds "9"]
[EventCountry "GER"]
[SourceTitle "CBM 188 Extra"]
[Source "ChessBase"]
[SourceDate "2019.02.26"]
[SourceVersion "1"]
[SourceVersionDate "2019.02.26"]
[SourceQuality "1"]

1. c4 Nf6 2. g3 e6 3. Bg2 d5 4. Nf3 dxc4 5. Qa4+ Nbd7 6. Qxc4 c5 7. Qb3 Rb8 8. a4 b6 9. 0-0 Bd6 10. d3 0-0 11. Na3 a6 12. Nc4 Bc7 13. Bd2 Qe7 14. Qa3 Nd5 15. Rfc1 a5 16. d4 Nb4 17. dxc5 bxc5 18. Be3 Ba6 19. Ne1 Rfc8 20. Rab1 h6 1/2-1/2

[Event "AUT-chT2W 1819"]
[Site "Austria"]
[Date "2018.12.09"]
[Round "5.5"]
[White "Bischofberger, Dario"]
[Black "Prediger, Rupert"]
[Result "1/2-1/2"]
[WhiteElo "2135"]
[BlackElo "2245"]
[PlyCount "67"]
[EventDate "2018.10.12"]
[EventType "team-tourn"]
[EventRounds "11"]
[EventCountry "AUT"]
[SourceTitle "CBM 189 Extra"]
[Source "ChessBase"]
[SourceDate "2019.06.03"]
[SourceVersion "1"]
[SourceVersionDate "2019.06.03"]
[SourceQuality "1"]
[WhiteTeam "Wolfurt"]
[BlackTeam "Kufstein/Woergl"]
[WhiteTeamCountry "AUT"]
[BlackTeamCountry "AUT"]

1. d4 c5 2. d5 d6 3. e4 g6 4. Nf3 Bg7 5. Bb5+ Nd7 6. 0-0 a6 7. Bxd7+ Bxd7 8. a4 b5 9. Re1 Nf6 10. Nc3 b4 11. Nb1 0-0 12. Nbd2 a5 13. Nc4 Bc8 14. Bf4 Bb7 15. h3 Re8 16. Bh2 Nd7 17. Nfd2 Nb6 18. Nxb6 Qxb6 19. Nc4 Qa6 20. Qd3 Rad8 21. Rad1 Qa7 22. b3 Bd4 23. Bf4 Qa6 24. Be3 Bc3 25. Bd2 Bg7 26. Re2 Qa7 27. Rde1 Ba6 28. h4 Qd7 29. h5 Qg4 30. hxg6 hxg6 31. Re3 Bd4 32. Rg3 Bxc4 33. bxc4 Qd7 34. e5 1/2-1/2

[Event "SUI-ch HT1 118th"]
[Site "Lenzerheide"]
[Date "2018.07.17"]
[Round "6"]
[White "Bounlom, Jannik"]
[Black "Bischofberger, Dario"]
[Result "0-1"]
[WhiteElo "1805"]
[BlackElo "2122"]
[PlyCount "74"]
[EventDate "2018.07.12"]
[EventType "swiss"]
[EventRounds "9"]
[EventCountry "SUI"]
[SourceTitle "EXT 2019"]
[Source "ChessBase"]
[SourceDate "2018.10.10"]
[SourceVersion "1"]
[SourceVersionDate "2018.10.10"]
[SourceQuality "1"]

1. e4 e6 2. d4 d5 3. Nd2 c5 4. exd5 Qxd5 5. Ngf3 cxd4 6. Bc4 Qd6 7. Nb3 Nc6 8. 0-0 Nf6 9. Nbxd4 Nxd4 10. Nxd4 Be7 11. Nb5 Qc6 12. Qe2 0-0 13. Bf4 a6 14. Nd4 Qc5 15. Rad1 b5 16. Qf3 Bd7 17. Bd3 e5 18. Nb3 Qc7 19. Qe3 Bd6 20. Bg5 e4 21. Bxe4 Nxe4 22. Qxe4 Bxh2+ 23. Kh1 Bc6 24. Qd3 Be5 25. Nd4 Bb7 26. c3 Rfe8 27. Rfe1 Qb6 28. Be3 Qf6 29. Kg1 Qh4 30. Nf3 Bxf3 31. gxf3 Qh3 32. f4 Bxf4 33. b3 Bh2+ 34. Kh1 Bf4+ 35. Kg1 h6 36. Qd4 Bh2+ 37. Kh1 Be5+ 0-1

[Event "Wch U20 56th"]
[Site "Tarvisio"]
[Date "2017.11.17"]
[Round "5"]
[White "Bischofberger, Dario"]
[Black "Zuo, Yifan"]
[Result "0-1"]
[WhiteElo "2108"]
[BlackElo "2346"]
[PlyCount "84"]
[EventDate "2017.11.13"]
[EventType "swiss"]
[EventRounds "11"]
[EventCountry "ITA"]
[SourceTitle "CBM 181 Extra"]
[Source "ChessBase"]
[SourceDate "2017.12.12"]
[SourceVersion "1"]
[SourceVersionDate "2017.12.12"]
[SourceQuality "1"]

1. d4 Nf6 2. c4 e6 3. g3 Bb4+ 4. Bd2 Qe7 5. Bg2 0-0 6. Nf3 Bxd2+ 7. Qxd2 d6 8. Nc3 e5 9. 0-0 Re8 10. e4 Bg4 11. Ne1 Nc6 12. Nc2 exd4 13. Nxd4 Ne5 14. b3 c5 15. Nf5 Qd7 16. f4 Bxf5 17. exf5 Nc6 18. Nd5 Nd4 19. Ne3 h5 20. Rfe1 Rad8 21. Qd3 Re7 22. Nc2 Nxf5 23. Bxb7 Nxg3 24. Rxe7 Qxe7 25. Bf3 Nge4 26. Re1 Re8 27. Ne3 Qd7 28. Nd5 Nxd5 29. Qxd5 Nf6 30. Rxe8+ Qxe8 31. Qxd6 Qe3+ 32. Kg2 h4 33. h3 Qe1 34. f5 Qe3 35. a4 Qg5+ 36. Kh2 Qxf5 37. Bg2 g5 38. Kh1 Kg7 39. Qd1 g4 40. hxg4 Nxg4 41. Qc1 Qe5 42. Qg1 Qg3 0-1

[Event "Wch U20 56th"]
[Site "Tarvisio"]
[Date "2017.11.16"]
[Round "4"]
[White "Nikitenko, Mihail"]
[Black "Bischofberger, Dario"]
[Result "1-0"]
[WhiteElo "2376"]
[BlackElo "2108"]
[PlyCount "85"]
[EventDate "2017.11.13"]
[EventType "swiss"]
[EventRounds "11"]
[EventCountry "ITA"]
[SourceTitle "CBM 181 Extra"]
[Source "ChessBase"]
[SourceDate "2017.12.12"]
[SourceVersion "1"]
[SourceVersionDate "2017.12.12"]
[SourceQuality "1"]

1. e4 e6 2. d4 d5 3. Nd2 c5 4. exd5 exd5 5. Ngf3 Nc6 6. Bb5 Qe7+ 7. Be2 Qc7 8. 0-0 Nf6 9. Re1 cxd4 10. Nb3 Bb4 11. Bd2 Bxd2 12. Qxd2 0-0 13. Bd3 Bd7 14. Nbxd4 Rad8 15. h3 Rfe8 16. c3 h6 17. Rad1 Qb8 18. Bb1 a6 19. Qc1 Rxe1+ 20. Rxe1 Re8 21. Rxe8+ Qxe8 22. Qd2 Ne5 23. Nxe5 Qxe5 24. Nf3 Qe7 25. Bd3 Qd6 26. Qe3 Bc6 27. Qd4 Nd7 28. Qg4 g6 29. Nd4 h5 30. Qg5 Kf8 31. Qd8+ Kg7 32. g3 Kh7 33. h4 Qc5 34. Qg5 Kg8 35. Bxg6 fxg6 36. Ne6 Kf7 37. Nxc5 Nxc5 38. Qf4+ Ke7 39. Qb4 Kd6 40. f3 Bd7 41. Qf4+ Ke6 42. Qg5 Be8 43. Qe3+ 1-0

[Event "Wch U20 56th"]
[Site "Tarvisio"]
[Date "2017.11.14"]
[Round "2"]
[White "Schoppen, Casper"]
[Black "Bischofberger, Dario"]
[Result "1/2-1/2"]
[WhiteElo "2432"]
[BlackElo "2108"]
[PlyCount "100"]
[EventDate "2017.11.13"]
[EventType "swiss"]
[EventRounds "11"]
[EventCountry "ITA"]
[SourceTitle "CBM 181 Extra"]
[Source "ChessBase"]
[SourceDate "2017.12.12"]
[SourceVersion "1"]
[SourceVersionDate "2017.12.12"]
[SourceQuality "1"]

1. d4 Nf6 2. c4 e6 3. Nf3 Bb4+ 4. Bd2 Qe7 5. Nc3 b6 6. g3 Bb7 7. Bg2 Bxc3 8. Bxc3 Ne4 9. Rc1 0-0 10. 0-0 Nxc3 11. Rxc3 d6 12. Qc2 Nd7 13. e4 e5 14. d5 a5 15. b3 g6 16. a3 c6 17. dxc6 Bxc6 18. b4 Rfd8 19. Qd3 Nf8 20. Qe3 Rab8 21. Rb1 Ne6 22. Bh3 Nd4 23. Nxd4 exd4 24. Qxd4 Qxe4 25. Qxe4 Bxe4 26. Re1 Bc6 27. Bg2 Bxg2 28. Kxg2 axb4 29. axb4 Rbc8 30. Re7 Kf8 31. Rb7 Rb8 32. Rxb8 Rxb8 33. Kf3 Ke7 34. Ke4 Ra8 35. Kd5 Kd7 36. Rf3 f5 37. g4 Re8 38. gxf5 Re5+ 39. Kd4 gxf5 40. Rh3 Re4+ 41. Kd3 b5 42. Rxh7+ Ke6 43. Rc7 Rh4 44. f3 bxc4+ 45. Rxc4 Rxh2 46. Rc2 Rh3 47. Ke2 Rh4 48. Ke3 Rxb4 49. Rc8 Ra4 50. Re8+ Kf7 1/2-1/2

[Event "SUI-ch 117th"]
[Site "Graechen"]
[Date "2017.07.21"]
[Round "9"]
[White "Bischofberger, Dario"]
[Black "Huss, Andreas"]
[Result "0-1"]
[WhiteElo "2124"]
[BlackElo "2305"]
[PlyCount "94"]
[EventDate "2017.07.13"]
[EventType "swiss"]
[EventRounds "9"]
[EventCountry "SUI"]
[SourceTitle "EXT 2019"]
[Source "ChessBase"]
[SourceDate "2018.10.10"]
[SourceVersion "1"]
[SourceVersionDate "2018.10.10"]
[SourceQuality "1"]

1. d4 Nf6 2. c4 e6 3. g3 Bb4+ 4. Bd2 Bxd2+ 5. Nxd2 d6 6. Ngf3 Qe7 7. e4 e5 8. d5 c5 9. Qc2 0-0 10. Bg2 Ng4 11. h3 Nh6 12. g4 f6 13. Nf1 Nf7 14. Ne3 Nh8 15. Nh4 Ng6 16. Nxg6 hxg6 17. h4 Kf7 18. 0-0-0 Rh8 19. h5 g5 20. Bf3 Na6 21. a3 Bd7 22. Be2 b6 23. Bd3 Rab8 24. Kd2 Kg8 25. Ke2 Kh7 26. Kf3 Rhd8 27. Rb1 Nc7 28. Kg3 b5 29. b3 a5 30. cxb5 Nxb5 31. Bxb5 Bxb5 32. a4 Ba6 33. Rhc1 Rb4 34. f3 Qa7 35. Qd2 Qb6 36. Qa2 Rb8 37. Rc3 c4 38. h6 g6 39. Rbc1 Rxb3 40. Nxc4 Bxc4 41. Rxc4 Rb2 42. Rc7+ Kh8 43. Rc8+ Rxc8 44. Rxc8+ Kh7 45. Rc7+ Kxh6 46. Qxb2 Qxb2 47. Rc6 Qb4 0-1

[Event "SUI-ch 117th"]
[Site "Graechen"]
[Date "2017.07.16"]
[Round "4"]
[White "Schafer, Ezio"]
[Black "Bischofberger, Dario"]
[Result "0-1"]
[WhiteElo "1896"]
[BlackElo "2124"]
[PlyCount "114"]
[EventDate "2017.07.13"]
[EventType "swiss"]
[EventRounds "9"]
[EventCountry "SUI"]
[SourceTitle "EXT 2019"]
[Source "ChessBase"]
[SourceDate "2018.10.10"]
[SourceVersion "1"]
[SourceVersionDate "2018.10.10"]
[SourceQuality "1"]

1. e4 e6 2. d4 d5 3. Nd2 c5 4. exd5 exd5 5. Ngf3 Nc6 6. Bb5 Qe7+ 7. Qe2 Qxe2+ 8. Kxe2 a6 9. Bxc6+ bxc6 10. dxc5 Bxc5 11. Nb3 Bd6 12. Be3 a5 13. Rhe1 a4 14. Nc5 Ne7 15. Kf1 0-0 16. Nd3 Ba6 17. Rad1 Nf5 18. Bc1 Rfe8 19. Kg1 Rxe1+ 20. Nfxe1 Nd4 21. Be3 Ne6 22. c3 Rb8 23. Rd2 f6 24. g3 Kf7 25. f4 g6 26. Kf2 c5 27. Rc2 Rc8 28. Nc1 Bb8 29. Kg2 Bb7 30. Kf1 h5 31. b4 Ba6+ 32. Kg2 Re8 33. bxc5 Nxf4+ 34. Bxf4 Bxf4 35. Ncd3 Bc7 36. Nb4 Bc4 37. Nf3 Re3 38. Kf2 Re8 39. Kg2 Bb8 40. Nd2 Rc8 41. Nxc4 dxc4 42. Rb2 Be5 43. Na6 Ke6 44. Kf3 Kd5 45. Rb4 Bxc3 46. Rxa4 Be5 47. Ke3 h4 48. gxh4 Rh8 49. Ra5 Rxh4 50. Nb4+ Ke6 51. Ra6+ Kf5 52. c6 Rh3+ 53. Kd2 Bc3+ 54. Kc2 Bxb4 55. c7 Rxh2+ 56. Kb1 Rh8 57. Rb6 Rc8 0-1

[Event "EU-ch U18 26th"]
[Site "Prague"]
[Date "2016.08.19"]
[Round "2"]
[White "Anikonov, Dmitry"]
[Black "Bischofberger, Dario"]
[Result "1-0"]
[WhiteElo "2407"]
[BlackElo "2102"]
[PlyCount "101"]
[EventDate "2016.08.18"]
[EventType "swiss"]
[EventRounds "9"]
[EventCountry "CZE"]
[SourceTitle "CBM 174 Extra"]
[Source "ChessBase"]
[SourceDate "2016.10.10"]
[SourceVersion "1"]
[SourceVersionDate "2016.10.10"]
[SourceQuality "1"]

1. d4 Nf6 2. Nf3 e6 3. Bf4 b6 4. h3 Bb7 5. e3 d5 6. Bd3 Bd6 7. 0-0 Nbd7 8. Ne5 0-0 9. Qe2 Qe7 10. c3 c5 11. Nd2 Rad8 12. Ndf3 h6 13. Rad1 Bb8 14. Bb1 Rfe8 15. Rfe1 Nf8 16. Nd2 N6d7 17. Bg3 Nxe5 18. dxe5 f5 19. exf6 Qxf6 20. Bxb8 Rxb8 21. e4 dxe4 22. Nxe4 Bxe4 23. Qxe4 Rbd8 24. Bd3 Rd6 25. Re3 Red8 26. Rde1 Qf5 27. Qxf5 exf5 28. Bxf5 Rd1 29. Kf1 Rxe1+ 30. Kxe1 Kf7 31. Ke2 Kf6 32. Bd3 Nd7 33. f4 g5 34. g3 gxf4 35. gxf4 Rg8 36. Kf2 Rd8 37. Bc4 Nf8 38. Rd3 Rxd3 39. Bxd3 Ne6 40. Ke3 Nc7 41. a4 a6 42. Be2 b5 43. a5 b4 44. Bc4 bxc3 45. bxc3 Kf5 46. Kf3 Kg6 47. Ke4 Kf6 48. h4 h5 49. Bf1 Ke6 50. Be2 Kf6 51. Bc4 1-0

[Event "SUI-ch op"]
[Site "Flims"]
[Date "2016.07.10"]
[Round "4"]
[White "Bischofberger, Dario"]
[Black "Filipovic, Branko"]
[Result "0-1"]
[WhiteElo "2064"]
[BlackElo "2388"]
[PlyCount "68"]
[EventDate "2016.07.08"]
[EventType "swiss"]
[EventRounds "9"]
[EventCountry "SUI"]
[SourceTitle "CBM 173 Extra"]
[Source "ChessBase"]
[SourceDate "2016.08.29"]
[SourceVersion "1"]
[SourceVersionDate "2016.08.29"]
[SourceQuality "1"]

1. d4 a6 2. g3 d5 3. Bg2 Nf6 4. Nf3 e6 5. 0-0 Nbd7 6. Nbd2 Be7 7. c4 0-0 8. Qc2 c6 9. b3 a5 10. e4 a4 11. Rb1 axb3 12. axb3 Qb6 13. e5 Ne8 14. c5 Qd8 15. b4 Nc7 16. Nb3 Nb5 17. Re1 f6 18. Bh3 fxe5 19. Nxe5 Nxe5 20. dxe5 Ra4 21. Na5 Rxa5 22. bxa5 Nd4 23. Qc3 Nf3+ 24. Kf1 Nxe1 25. Kxe1 d4 26. Qc4 Qxa5+ 27. Bd2 Qxc5 28. Bxe6+ Bxe6 29. Qxe6+ Kh8 30. Rc1 Qa3 31. Qc4 c5 32. Qe6 Qf3 33. Bf4 d3 34. Qa2 b5 0-1

[Event "Belp op"]
[Site "Belp"]
[Date "2015.05.24"]
[Round "4"]
[White "Lekic, Dusan"]
[Black "Bischofberger, Dario"]
[Result "1-0"]
[WhiteElo "2418"]
[BlackElo "2148"]
[PlyCount "151"]
[EventDate "2015.05.23"]
[EventType "swiss"]
[EventRounds "5"]
[EventCountry "SUI"]
[SourceTitle "EXT 2016"]
[Source "ChessBase"]
[SourceDate "2015.10.08"]
[SourceVersion "1"]
[SourceVersionDate "2015.10.08"]
[SourceQuality "1"]

1. d4 Nf6 2. c4 e6 3. Nf3 Bb4+ 4. Bd2 Qe7 5. g3 b6 6. Bg2 Bb7 7. 0-0 Bxd2 8. Qxd2 d6 9. Qc2 Nbd7 10. Nc3 0-0 11. e4 e5 12. d5 Nh5 13. Nh4 g6 14. Rae1 a5 15. b3 Rae8 16. Qd2 Bc8 17. Qh6 Ndf6 18. f3 Kh8 19. Qg5 Nd7 20. Qxe7 Rxe7 21. Bh3 Nc5 22. Bxc8 Rxc8 23. Re3 Kg8 24. Rb1 f6 25. a3 Rf7 26. b4 Nb7 27. Rb2 Ra8 28. Kf2 Kf8 29. Ree2 Ke7 30. Ke3 Kd7 31. Kd3 Rff8 32. Rf2 Rae8 33. f4 exf4 34. gxf4 Re7 35. Rbe2 Rfe8 36. Ng2 Ng7 37. Ne3 Rf7 38. Nc2 Rff8 39. Nd4 Ra8 40. e5 fxe5 41. fxe5 dxe5 42. Rxf8 Rxf8 43. Rxe5 axb4 44. axb4 Re8 45. Rxe8 Nxe8 46. Ne6 Nf6 47. Nb5 Ng4 48. Nf8+ Ke7 49. Nxh7 Nxh2 50. Nxc7 Nf3 51. Ne6 Nd6 52. c5 bxc5 53. bxc5 Ne8 54. Nhg5 Ne5+ 55. Kd4 Nd7 56. Ne4 Nb8 57. Nf4 Kd7 58. Nxg6 Ng7 59. Ke5 Kd8 60. Nf4 Nd7+ 61. Kd6 Nf5+ 62. Ke6 Nd4+ 63. Kf7 Ne5+ 64. Kg7 Kc8 65. Kf8 Nc4 66. Ke7 Nf5+ 67. Ke6 Nd4+ 68. Kf6 Kd7 69. Ne6 Nb5 70. c6+ Kc8 71. Ke7 Kb8 72. d6 Nbxd6 73. Nxd6 Nb6 74. c7+ Ka7 75. Kd8 Ka8 76. Nc4 1-0

[Event "SUI-ch 113th"]
[Site "Graechen"]
[Date "2013.07.13"]
[Round "3"]
[White "Gerber, Richard"]
[Black "Bischofberger, Dario"]
[Result "1-0"]
[WhiteElo "2416"]
[BlackElo "1893"]
[PlyCount "57"]
[EventDate "2013.07.11"]
[EventType "swiss"]
[EventRounds "9"]
[EventCountry "SUI"]
[SourceTitle "CBM 155 Extra"]
[Source "ChessBase"]
[SourceDate "2013.08.26"]
[SourceVersion "1"]
[SourceVersionDate "2013.08.26"]
[SourceQuality "1"]

1. d4 e6 2. c4 f5 3. g3 Nf6 4. Bg2 d5 5. Nf3 c6 6. 0-0 Bd6 7. Qc2 0-0 8. Nc3 Ne4 9. Rb1 a5 10. a3 Nd7 11. c5 Bc7 12. Bf4 Bxf4 13. gxf4 Ndf6 14. Ne5 Nh5 15. e3 g5 16. fxg5 Nxg5 17. f4 Nf7 18. Kh1 Kh8 19. Bf3 Nf6 20. Rg1 Nxe5 21. fxe5 Ne8 22. Qg2 Qe7 23. Ne2 Qf7 24. Nf4 Rg8 25. Qh3 Rxg1+ 26. Rxg1 Ng7 27. Rg6 Kg8 28. Rh6 Ne8 29. Bh5 1-0

[Event "Davos op 9th"]
[Site "Davos"]
[Date "2011.08.08"]
[Round "2"]
[White "James, David J"]
[Black "Bischofberger, Dario"]
[Result "1-0"]
[WhiteElo "2142"]
[BlackElo "1754"]
[PlyCount "31"]
[EventDate "2011.08.07"]
[EventType "swiss"]
[EventRounds "7"]
[EventCountry "SUI"]
[SourceTitle "CBM 144 Extra"]
[Source "ChessBase"]
[SourceDate "2011.10.28"]
[SourceVersion "1"]
[SourceVersionDate "2011.10.28"]
[SourceQuality "1"]

1. Nf3 d5 2. d4 c5 3. c4 dxc4 4. d5 Nf6 5. Nc3 e6 6. e4 Be7 7. d6 Bf8 8. e5 Nfd7 9. Bxc4 f6 10. Nb5 Na6 11. exf6 Nxf6 12. 0-0 Bd7 13. Ng5 Qb6 14. a4 0-0-0 15. a5 Qc6 16. Nxa7+ 1-0